[Event "Aegean op 46th"]
[Site "Aghios Kirykos"]
[Date "2023.07.09"]
[Round "1"]
[White "Hairopoulos, Stefanos"]
[Black "Kotronias, Vasilios"]
[Result "0-1"]
[WhiteElo "1767"]
[BlackElo "2439"]
[PlyCount "58"]
[EventDate "2023.07.09"]
[EventType "swiss"]
[EventRounds "9"]
[EventCountry "GRE"]
[SourceTitle "CBM 215 Extra"]
[Source "ChessBase"]
[SourceDate "2023.09.30"]
[SourceVersion "1"]
[SourceVersionDate "2023.09.30"]
[SourceQuality "1"]

1. e4 c5 2. Nf3 Nc6 3. d4 cxd4 4. Nxd4 Nf6 5. Nc3 d6 6. Be2 e5 7. Ndb5 a6 8. Na3 b5 9. Nab1 Be7 10. a3 Nd4 11. 0-0 Bb7 12. Bd3 0-0 13. Bg5 Ne6 14. Bxf6 Bxf6 15. Nd2 Bg5 16. Nf3 Rc8 17. Re1 g6 18. Bf1 Kg7 19. Nxg5 Qxg5 20. f3 Nd4 21. Kh1 f5 22. Bd3 h5 23. Qc1 Qh4 24. Qd2 Rc5 25. Ne2 Nxf3 26. gxf3 fxe4 27. Bxe4 Bxe4 28. Ng3 Bxf3+ 29. Kg1 Rd5 0-1

[Event "GRE-chT 48th"]
[Site "Athens"]
[Date "2021.09.10"]
[Round "5.7"]
[White "Hairopoulos, Stefanos"]
[Black "Rousis, Mihail"]
[Result "1-0"]
[WhiteElo "1833"]
[BlackElo "2046"]
[PlyCount "59"]
[EventDate "2021.09.07"]
[EventType "team-swiss"]
[EventRounds "7"]
[EventCountry "GRE"]
[SourceTitle "CBM 204 Extra"]
[Source "ChessBase"]
[SourceDate "2021.11.30"]
[SourceVersion "1"]
[SourceVersionDate "2021.11.30"]
[SourceQuality "1"]
[WhiteTeam "Ykaryas"]
[BlackTeam "Papagou"]
[WhiteTeamCountry "GRE"]
[BlackTeamCountry "GRE"]

1. c4 g6 2. Nc3 Bg7 3. Nf3 f5 4. g3 Nf6 5. d4 0-0 6. Bg2 d6 7. 0-0 Nc6 8. d5 Ne5 9. Nxe5 dxe5 10. e4 f4 11. f3 g5 12. g4 a6 13. Rf2 Qe8 14. Bf1 h5 15. h3 Qg6 16. b3 Kf7 17. Ba3 Rh8 18. Bg2 Qh6 19. Kf1 hxg4 20. hxg4 Qh4 21. Rd2 Bxg4 22. fxg4 Nxg4 23. Bc5 Ne3+ 24. Bxe3 fxe3 25. Qf3+ Kg6 26. Qxe3 Raf8+ 27. Ke2 Bh6 28. Rh1 Qg4+ 29. Bf3 Qg3 30. Bh5+ 1-0

[Event "GRE-chT 48th"]
[Site "Athens"]
[Date "2021.09.08"]
[Round "3.7"]
[White "Tzouganakis, Panteleimon"]
[Black "Hairopoulos, Stefanos"]
[Result "1-0"]
[WhiteElo "2187"]
[BlackElo "1833"]
[PlyCount "57"]
[EventDate "2021.09.07"]
[EventType "team-swiss"]
[EventRounds "7"]
[EventCountry "GRE"]
[SourceTitle "CBM 204 Extra"]
[Source "ChessBase"]
[SourceDate "2021.11.30"]
[SourceVersion "1"]
[SourceVersionDate "2021.11.30"]
[SourceQuality "1"]
[WhiteTeam "Peukees"]
[BlackTeam "Ykaryas"]
[WhiteTeamCountry "GRE"]
[BlackTeamCountry "GRE"]

1. e4 e5 2. Nf3 Nc6 3. Bc4 Nf6 4. d3 Be7 5. 0-0 d6 6. c3 0-0 7. h3 Na5 8. Bb5 a6 9. Ba4 b5 10. Bc2 c5 11. d4 Qc7 12. d5 Ne8 13. Nbd2 f5 14. exf5 Bxf5 15. Bxf5 Rxf5 16. Ne4 Nc4 17. Qd3 Qd7 18. b3 Nb6 19. c4 g6 20. a4 b4 21. g4 Rf7 22. Nfg5 Bxg5 23. Bxg5 Qc7 24. f4 Nd7 25. f5 gxf5 26. Rxf5 Rxf5 27. gxf5 Kf7 28. f6 h6 29. Nxd6+ 1-0

[Event "GRE CupT final 37th"]
[Site "Patras"]
[Date "2019.06.30"]
[Round "1.3"]
[White "Hairopoulos, Stefanos"]
[Black "Sidiropoulos, Nikolaos"]
[Result "0-1"]
[WhiteElo "1829"]
[BlackElo "2090"]
[PlyCount "98"]
[EventDate "2019.06.30"]
[EventType "team-k.o."]
[EventRounds "3"]
[EventCountry "GRE"]
[SourceTitle "CBM 191 Extra"]
[Source "ChessBase"]
[SourceDate "2019.09.30"]
[SourceVersion "1"]
[SourceVersionDate "2019.09.30"]
[SourceQuality "1"]
[WhiteTeam "Ikarias Tzelepis"]
[BlackTeam "Peiraikos OS"]
[WhiteTeamCountry "GRE"]
[BlackTeamCountry "GRE"]

1. d4 d5 2. Bg5 h6 3. Bh4 Nf6 4. Bxf6 exf6 5. e3 Bd6 6. c4 c6 7. Nc3 dxc4 8. Bxc4 0-0 9. Qc2 Qa5 10. Nf3 Nd7 11. 0-0 Nb6 12. Be2 f5 13. a3 Nd5 14. b4 Qd8 15. b5 Nxc3 16. Qxc3 Bd7 17. a4 Qe7 18. Bd3 g6 19. Rab1 Rfc8 20. Qb3 Be6 21. Bc4 Bxc4 22. Qxc4 f4 23. exf4 Bxf4 24. d5 Qf6 25. dxc6 bxc6 26. bxc6 Rxc6 27. Qe4 Rac8 28. Rfd1 Kg7 29. h3 Rc4 30. Qb7 R8c7 31. Qb3 Rc2 32. Qd3 Ra2 33. Qd4 Rcc2 34. Qxf6+ Kxf6 35. Rd4 Be5 36. Re4 Bc3 37. Rf4+ Kg7 38. Rb7 Bf6 39. Ne5 Ra1+ 40. Kh2 Bxe5 41. Rbxf7+ Kg8 42. Rf8+ Kh7 43. R8f7+ Bg7 44. Rxa7 Rc8 45. Rff7 Rg8 46. f4 Ra3 47. a5 Kh8 48. a6 g5 49. g3 Rc8 0-1